000
00232nam a22001097a 4500
999
_c
261326
_d
261325
020
_a
0789429608
100
_a
Angela Royston
245
_a
Fire Fighter
260
_a
USA
_b
Dorling Kindersley
_c
1998
300
_a
32 pgs
942
_c
BK